Statistics for Military History Vocabulary

Click here to take the quiz!

General Stats

  • This quiz has been taken 52,651 times
  • The average score is 14 of 21

Answer Stats

DefinitionLetterWord% Correct
German "lightning war" during WWIIBBlitzkrieg
94%
Self-propelled missile which travels underwaterTTorpedo
93%
Group of about 5,000 Roman soldiersLLegion
89%
Blade attached to the end of a firearmBBayonet
88%
Type of firearm commonly used from 1600 to about 1850MMusket
83%
A pilot who shoots down 5 enemy aircraftAAce
81%
Flammable liquid that sticks to the skin. Invented by the U.S. in 1942.NNapalm
81%
Powerful, easy-to-use bow that fires boltsCCrossbow
77%
Combatant who uses irregular tactics to fight a larger, more powerful forceGGuerrilla
77%
Type of sword used by samuraiKKatana
76%
Firearm that replaced the above. Has grooves to "spin" the bullet.RRifle
76%
A knight's assistantSSquire
75%
Most powerful type of warship prior to the aircraft carrierBBattleship
71%
Powerful type of catapult from the Middle AgesTTrebuchet
66%
Either a large Scottish sword or a U.S. land mine CClaymore
54%
Rectangular formation of spearmen in ancient GreecePPhalanx
53%
Very long spear. Once the favorite weapon of the SwissPPike
53%
Byzantine weapon similar to the aboveG{Greek} Fire
48%
Warship propelled by rows of oarsmenGGalley
40%
A victory that is so costly it is like a defeatP{Pyrrhic} Victory
39%
Combat engineer. Originally a trench digger.SSapper
30%

Score Distribution

Percentile by Number Answered

Percent of People with Each Score

Your Score History

You have not taken this quiz